[Event "Rhein Main op-A 22nd"]
[Site "Bad Homburg"]
[Date "2019.06.22"]
[Round "5"]
[White "Roediger, Thomas"]
[Black "Reimer, Otto"]
[Result "1/2-1/2"]
[WhiteElo "1974"]
[BlackElo "1904"]
[PlyCount "97"]
[EventDate "2019.06.19"]
[EventType "swiss"]
[EventRounds "9"]
[EventCountry "GER"]
[SourceTitle "EXT 2020"]
[Source "ChessBase"]
[SourceDate "2019.10.17"]
[SourceVersion "1"]
[SourceVersionDate "2019.10.17"]
[SourceQuality "1"]

1. d4 Nf6 2. c4 g6 3. Nc3 Bg7 4. e4 d6 5. h3 0-0 6. Nf3 e5 7. dxe5 dxe5 8. Bg5 Qxd1+ 9. Rxd1 Nc6 10. Be2 Be6 11. 0-0 Nh5 12. Nd5 Rac8 13. b3 h6 14. Bc1 Rfe8 15. g4 Nf6 16. Nxf6+ Bxf6 17. Bxh6 Nd4 18. Nxd4 exd4 19. Bd2 c5 20. Bd3 Kg7 21. Kg2 Bd7 22. Kg3 Bc6 23. f3 g5 24. Rde1 Re7 25. f4 gxf4+ 26. Bxf4 Rh8 27. g5 Be5 28. h4 Rhe8 29. h5 f5 30. gxf6+ Bxf6 31. h6+ Kh8 32. Kf3 Be5 33. Bxe5+ Rxe5 34. Kf4 R5e6 35. Rh1 Rf8+ 36. Kg5 Be8 37. e5 Rg8+ 38. Kf5 Ra6 39. Rhg1 Bg6+ 40. Kf4 Rf8+ 41. Kg5 Bxd3 42. e6 Rg8+ 43. Kf6 Rxg1 44. Rxg1 Be4 45. Kf7 Rxa2 46. e7 Bc6 47. Rg8+ Kh7 48. Rg7+ Kh8 49. Rg8+ 1/2-1/2

[Event "Rhein Main op-A 21st"]
[Site "Bad Homburg"]
[Date "2018.06.02"]
[Round "6"]
[White "Reimer, Otto"]
[Black "Zimmer, Gerald"]
[Result "0-1"]
[WhiteElo "1925"]
[BlackElo "1998"]
[PlyCount "116"]
[EventDate "2018.05.30"]
[EventType "swiss"]
[EventRounds "7"]
[EventCountry "GER"]
[SourceTitle "EXT 2019"]
[Source "ChessBase"]
[SourceDate "2018.10.10"]
[SourceVersion "1"]
[SourceVersionDate "2018.10.10"]
[SourceQuality "1"]

1. e4 e6 2. d4 d5 3. e5 c5 4. c3 Qb6 5. Nf3 Nc6 6. Bd3 Bd7 7. Bc2 cxd4 8. cxd4 Bb4+ 9. Nc3 Nge7 10. 0-0 Bxc3 11. bxc3 Na5 12. Ba3 Nc4 13. Rb1 Qc6 14. Bxe7 Kxe7 15. Qc1 h6 16. Bd3 Rhb8 17. Bxc4 Qxc4 18. Qa3+ Ke8 19. Rb4 Qd3 20. Qb2 Bc6 21. Rb1 Kf8 22. Nd2 Kg8 23. Nb3 Qg6 24. Na5 Rc8 25. Nxb7 Bxb7 26. Rxb7 Rc4 27. Rc1 Rac8 28. Rb8 Qg5 29. Rxc8+ Rxc8 30. g3 Rc4 31. Re1 h5 32. h4 Qf5 33. Kg2 a5 34. Qd2 Ra4 35. Re3 Qb1 36. Re2 Ra3 37. Qc2 Qa1 38. c4 Qxd4 39. cxd5 Qxd5+ 40. Kh2 Rd3 41. Qc8+ Kh7 42. Qc2 g6 43. f4 Qf3 44. Rg2 Rd1 45. Qe2 Qd5 46. Qc2 Qd4 47. Qb2 Qd3 48. Qe2 Qb1 49. Kh3 a4 50. g4 Rh1+ 51. Rh2 hxg4+ 52. Kxg4 Rxh2 53. Qxh2 a3 54. Qe2 Qb2 55. Qf3 Qxa2 56. h5 gxh5+ 57. Kxh5 Qh2+ 58. Kg4 Qg1+ 0-1

[Event "Rhein Main op-A 21st"]
[Site "Bad Homburg"]
[Date "2018.05.31"]
[Round "2"]
[White "Reimer, Otto"]
[Black "Hinrichs, Niklas"]
[Result "0-1"]
[WhiteElo "1925"]
[BlackElo "2000"]
[PlyCount "54"]
[EventDate "2018.05.30"]
[EventType "swiss"]
[EventRounds "7"]
[EventCountry "GER"]
[SourceTitle "EXT 2019"]
[Source "ChessBase"]
[SourceDate "2018.10.10"]
[SourceVersion "1"]
[SourceVersionDate "2018.10.10"]
[SourceQuality "1"]

1. e4 c5 2. Nf3 d6 3. d4 cxd4 4. Nxd4 Nf6 5. Nc3 a6 6. Be2 e6 7. Be3 Be7 8. Qd2 b5 9. a3 Bb7 10. f3 Nbd7 11. g4 Nb6 12. g5 Nfd7 13. Rg1 Ne5 14. b3 Rc8 15. f4 Ned7 16. f5 e5 17. Nf3 Qc7 18. Nd5 Nxd5 19. exd5 Qxc2 20. Qb4 Nc5 21. Rc1 Nd3+ 22. Bxd3 Qxd3 23. Rxc8+ Bxc8 24. Kf2 Qc2+ 25. Kg3 Qxf5 26. Kg2 Bb7 27. Rd1 e4 0-1

[Event "Rhein Main op-A 20th"]
[Site "Bad Homburg"]
[Date "2017.06.17"]
[Round "5"]
[White "Lehmann, Tim"]
[Black "Reimer, Otto"]
[Result "1/2-1/2"]
[WhiteElo "1819"]
[BlackElo "1951"]
[PlyCount "27"]
[EventDate "2017.06.14"]
[EventType "swiss"]
[EventRounds "7"]
[EventCountry "GER"]
[SourceTitle "EXT 2018"]
[Source "ChessBase"]
[SourceDate "2017.10.13"]
[SourceVersion "1"]
[SourceVersionDate "2017.10.13"]
[SourceQuality "1"]

1. d4 Nf6 2. Bf4 g6 3. Nc3 Bg7 4. e4 d6 5. Qd2 b6 6. 0-0-0 0-0 7. Nf3 Bb7 8. Bd3 Nbd7 9. h4 h5 10. Rdg1 Ng4 11. Nh2 Nxh2 12. Rxh2 e5 13. g4 exf4 14. gxh5 1/2-1/2

[Event "GER-chA Seniors 28th"]
[Site "Niederhausen"]
[Date "2016.08.14"]
[Round "2"]
[White "Reimer, Otto"]
[Black "Siegmund, Rainer"]
[Result "1/2-1/2"]
[WhiteElo "1941"]
[BlackElo "2077"]
[PlyCount "97"]
[EventDate "2016.08.13"]
[EventType "swiss"]
[EventRounds "9"]
[EventCountry "GER"]
[SourceTitle "EXT 2019"]
[Source "ChessBase"]
[SourceDate "2018.10.10"]
[SourceVersion "1"]
[SourceVersionDate "2018.10.10"]
[SourceQuality "1"]

1. e4 c5 2. Nf3 Nc6 3. d4 cxd4 4. Nxd4 Nf6 5. Nc3 e5 6. Nb3 Bb4 7. Bd3 d5 8. exd5 Nxd5 9. Bd2 Nxc3 10. bxc3 Be7 11. Qh5 g6 12. Qe2 0-0 13. 0-0 Be6 14. a4 Qc7 15. Rae1 Rfd8 16. c4 Rac8 17. Bc3 Nd4 18. Bxd4 exd4 19. Qe4 Bf6 20. Nd2 b6 21. Qf3 Bg7 22. Re2 Re8 23. Rfe1 Qd8 24. h3 Bd7 25. Be4 Qf6 26. Qb3 Bc6 27. Qa3 Bf8 28. Qb3 Bc5 29. Bxc6 Rxe2 30. Rxe2 Qxc6 31. Nf3 Re8 32. Rxe8+ Qxe8 33. Kf1 a5 34. Qb5 Qe4 35. Qb3 h6 36. Qd3 Qc6 37. Qb3 Qe4 38. Qd3 Qc6 39. Qb3 Kg7 40. Qb5 Qe4 41. Qb3 Qc6 42. Nd2 f5 43. Nf3 Kf6 44. Qb5 Qd6 45. Qe8 Qf4 46. Qd8+ Kg7 47. Qd7+ Kf6 48. Qd8+ Kg7 49. Qd7+ 1/2-1/2

[Event "Rhein Main op-A 19th"]
[Site "Bad Homburg"]
[Date "2016.05.26"]
[Round "3"]
[White "Reimer, Otto"]
[Black "Wuertele, Stephan"]
[Result "0-1"]
[WhiteElo "1947"]
[BlackElo "1870"]
[PlyCount "58"]
[EventDate "2016.05.25"]
[EventType "swiss"]
[EventRounds "7"]
[EventCountry "GER"]
[SourceTitle "EXT 2017"]
[Source "ChessBase"]
[SourceDate "2016.10.25"]
[SourceVersion "1"]
[SourceVersionDate "2016.10.25"]
[SourceQuality "1"]

1. e4 e6 2. d4 d5 3. e5 c5 4. c3 Nc6 5. Nf3 Bd7 6. Be2 Nge7 7. 0-0 Nf5 8. b3 cxd4 9. cxd4 Be7 10. Bb2 Qb6 11. g3 Rc8 12. Kg2 0-0 13. h4 f6 14. g4 Nh6 15. Kg3 fxe5 16. dxe5 Nf7 17. Na3 Qc7 18. Nb5 Qb8 19. a4 a6 20. Na3 Ncxe5 21. Nxe5 Nxe5 22. f4 Ng6 23. Bc1 Bxh4+ 24. Kh3 Be7 25. f5 Rc3+ 26. Bd3 exf5 27. gxf5 Rxf5 28. Kg2 Nh4+ 29. Kh1 Qg3 0-1

[Event "GER-chA Seniors 27th"]
[Site "Magdeburg"]
[Date "2015.08.21"]
[Round "7"]
[White "Reimer, Otto"]
[Black "Fleischer, Martin"]
[Result "1-0"]
[WhiteElo "1957"]
[BlackElo "1859"]
[PlyCount "50"]
[EventDate "2015.08.15"]
[EventType "swiss"]
[EventRounds "9"]
[EventCountry "GER"]
[SourceTitle "EXT 2018"]
[Source "ChessBase"]
[SourceDate "2017.10.13"]
[SourceVersion "1"]
[SourceVersionDate "2017.10.13"]
[SourceQuality "1"]

1. d4 e6 2. Nf3 d5 3. c4 dxc4 4. e4 Bb4+ 5. Nc3 Nf6 6. Qc2 c5 7. dxc5 Bxc5 8. Bxc4 h6 9. 0-0 a6 10. e5 Nfd7 11. Ne4 Qb6 12. a3 0-0 13. b4 Bd4 14. Nxd4 Qxd4 15. Bb2 Qb6 16. Qd3 Qd8 17. Qb3 Kh8 18. a4 Nc6 19. b5 Na7 20. Bd3 axb5 21. Rad1 Nc6 22. axb5 Nc5 23. Bc2 Na5 24. Rd4 b6 25. Rfd1 Nab7 1-0

[Event "GER-chA Seniors 27th"]
[Site "Magdeburg"]
[Date "2015.08.19"]
[Round "5"]
[White "Reimer, Otto"]
[Black "Wenske, Hardy"]
[Result "1/2-1/2"]
[WhiteElo "1957"]
[BlackElo "1786"]
[PlyCount "82"]
[EventDate "2015.08.15"]
[EventType "swiss"]
[EventRounds "9"]
[EventCountry "GER"]
[SourceTitle "EXT 2018"]
[Source "ChessBase"]
[SourceDate "2017.10.13"]
[SourceVersion "1"]
[SourceVersionDate "2017.10.13"]
[SourceQuality "1"]

1. e4 c6 2. d4 d5 3. e5 Bf5 4. Nf3 Qb6 5. Nc3 e6 6. a3 Nd7 7. Bd3 Ne7 8. 0-0 Bxd3 9. Qxd3 Nf5 10. b4 Qc7 11. Ne2 Be7 12. Nf4 h5 13. c4 dxc4 14. Qxc4 Nb6 15. Qc2 0-0-0 16. Ne2 Nd5 17. Bd2 Qb6 18. Qe4 Kb8 19. h4 Rc8 20. Rfb1 Qd8 21. g3 Nc7 22. a4 Qd5 23. Qd3 Rhd8 24. Nf4 Qd7 25. Ne2 Nd5 26. Rb2 f6 27. Rab1 Bf8 28. Qe4 Nfe7 29. exf6 gxf6 30. Qh7 Nf5 31. Qxh5 Bd6 32. Qg4 Rh8 33. Qh3 Rcg8 34. Kf1 Qh7 35. b5 c5 36. dxc5 Bxc5 37. Be1 Qh5 38. Kg2 Nxh4+ 39. Nxh4 Qxh4 40. Qxh4 Rxh4 41. a5 Rhg4 1/2-1/2

[Event "Rhein Main op-A 18th"]
[Site "Bad Homburg"]
[Date "2015.06.07"]
[Round "7"]
[White "Kutzner, Joachim"]
[Black "Reimer, Otto"]
[Result "0-1"]
[WhiteElo "2105"]
[BlackElo "1927"]
[PlyCount "62"]
[EventDate "2015.06.03"]
[EventType "swiss"]
[EventRounds "7"]
[EventCountry "GER"]
[SourceTitle "CBM 167 Extra"]
[Source "ChessBase"]
[SourceDate "2015.09.14"]
[SourceVersion "1"]
[SourceVersionDate "2015.09.14"]
[SourceQuality "1"]

1. e4 c5 2. Nf3 d6 3. Bb5+ Nc6 4. Bxc6+ bxc6 5. h3 e6 6. 0-0 Qc7 7. Qe2 a5 8. d3 g6 9. e5 d5 10. a4 Ne7 11. Nbd2 Nf5 12. c4 Bg7 13. Re1 0-0 14. Nb3 Qb6 15. Qc2 Rb8 16. Ra3 Rd8 17. g4 dxc4 18. dxc4 Nd4 19. Nbxd4 cxd4 20. c5 Qc7 21. Bg5 Rd5 22. Qd2 Rb4 23. Bf6 Bf8 24. Rc1 Ba6 25. Ng5 d3 26. f3 Rxe5 27. Qh2 Bxc5+ 28. Kh1 Bd6 29. Bxe5 Bxe5 30. Qf2 Rxb2 31. Qc5 Bd4 0-1

[Event "Rhein Main op-A 17th"]
[Site "Bad Homburg"]
[Date "2014.06.22"]
[Round "7"]
[White "Reimer, Otto"]
[Black "Bahlo, Jens"]
[Result "1-0"]
[WhiteElo "1904"]
[BlackElo "2030"]
[PlyCount "49"]
[EventDate "2014.06.18"]
[EventType "swiss"]
[EventRounds "7"]
[EventCountry "GER"]
[SourceTitle "CBM 161 Extra"]
[Source "ChessBase"]
[SourceDate "2014.08.29"]
[SourceVersion "1"]
[SourceVersionDate "2014.08.29"]
[SourceQuality "1"]

1. e4 Nc6 2. d4 d5 3. e5 Bf5 4. Nf3 f6 5. Bd3 Qd7 6. 0-0 0-0-0 7. Bxf5 Qxf5 8. Re1 g5 9. h3 Bg7 10. g4 Qg6 11. e6 h5 12. Kg2 hxg4 13. hxg4 Nh6 14. Nh2 f5 15. Qd3 Nxd4 16. c3 Nxg4 17. Nxg4 Qh5 18. cxd4 Qxg4+ 19. Qg3 Qxd4 20. Bxg5 Rdg8 21. Nd2 Bf6 22. Nf3 Qxb2 23. Rab1 Qxa2 24. Rec1 c6 25. Rxc6+ 1-0

[Event "Frankfurt-chA"]
[Site "Frankfurt"]
[Date "2014.06.16"]
[Round "7"]
[White "Reimer, Otto"]
[Black "Miller, Justin"]
[Result "0-1"]
[WhiteElo "1793"]
[BlackElo "1634"]
[PlyCount "98"]
[EventDate "2014.04.28"]
[EventType "swiss"]
[EventRounds "7"]
[EventCountry "GER"]
[SourceTitle "EXT 2015"]
[Source "ChessBase"]
[SourceDate "2014.11.20"]
[SourceVersion "1"]
[SourceVersionDate "2014.11.20"]
[SourceQuality "1"]

1. e4 Nf6 2. e5 Nd5 3. d4 d6 4. c4 Nb6 5. f4 dxe5 6. fxe5 Nc6 7. Nf3 Bf5 8. a3 e6 9. Be3 Be7 10. Be2 Bh4+ 11. g3 Be7 12. 0-0 g5 13. Kg2 g4 14. Ne1 h5 15. Nc3 Bg5 16. Bg1 Qe7 17. Rxf5 exf5 18. c5 Nc8 19. Nd5 Qd7 20. Bc4 N8e7 21. Nf4 Bxf4 22. gxf4 Nd5 23. Nd3 0-0-0 24. Qd2 h4 25. b4 Kb8 26. b5 Nxd4 27. Bxd4 Nxf4+ 28. Qxf4 Qxd4 29. Rc1 Qxf4 30. Nxf4 Rd4 31. Ne2 Re4 32. Kf2 Rxe5 33. Bxf7 Rf8 34. Bb3 f4 35. Rc3 g3+ 36. Kf1 g2+ 37. Kxg2 Rxe2+ 38. Kf3 Rxh2 39. Kg4 f3 40. Bc4 Rg2+ 41. Kh3 Rg1 42. c6 f2 43. Bf1 Rg3+ 44. Rxg3 hxg3 45. Kxg3 b6 46. Kg2 Kc8 47. Be2 Kd8 48. Kf1 Ke7 49. Bd1 Kd6 0-1

[Event "Frankfurt-chA"]
[Site "Frankfurt"]
[Date "2014.05.26"]
[Round "5"]
[White "Zimmermann, Hendrik"]
[Black "Reimer, Otto"]
[Result "1-0"]
[WhiteElo "2173"]
[BlackElo "1793"]
[PlyCount "57"]
[EventDate "2014.04.28"]
[EventType "swiss"]
[EventRounds "7"]
[EventCountry "GER"]
[SourceTitle "EXT 2015"]
[Source "ChessBase"]
[SourceDate "2014.11.20"]
[SourceVersion "1"]
[SourceVersionDate "2014.11.20"]
[SourceQuality "1"]

1. c4 Nf6 2. g3 g6 3. Bg2 Bg7 4. Nc3 0-0 5. e4 d6 6. Nge2 Nc6 7. 0-0 e5 8. d3 h6 9. h3 a6 10. Rb1 Rb8 11. Be3 Bd7 12. Qd2 Kh7 13. f4 Qc8 14. Kh2 exf4 15. Nxf4 Ne5 16. b3 Neg4+ 17. hxg4 Nxg4+ 18. Kg1 Nxe3 19. Qxe3 Bxc3 20. d4 Ba5 21. b4 Bb6 22. c5 dxc5 23. dxc5 Ba7 24. Nd5 h5 25. Nf6+ Kg7 26. Qd4 Be6 27. Nxh5+ Kh6 28. Qg7+ Kxh5 29. Qh7+ 1-0

[Event "Rhein Main op-A 16th"]
[Site "Bad Homburg"]
[Date "2013.05.29"]
[Round "1"]
[White "Reimer, Otto"]
[Black "Kolthoff, Siegmund"]
[Result "0-1"]
[WhiteElo "1917"]
[BlackElo "2139"]
[PlyCount "92"]
[EventDate "2013.05.29"]
[EventType "swiss"]
[EventRounds "7"]
[EventCountry "GER"]
[SourceTitle "EXT 2014"]
[Source "ChessBase"]
[SourceDate "2013.11.20"]
[SourceVersion "1"]
[SourceVersionDate "2013.11.20"]
[SourceQuality "1"]

1. e4 c5 2. Nf3 e6 3. d4 cxd4 4. Nxd4 a6 5. Nc3 b5 6. a3 Bb7 7. Bd3 d6 8. Be3 Nd7 9. f3 Ngf6 10. Qd2 d5 11. exd5 Nxd5 12. Nxd5 Bxd5 13. Nb3 Be7 14. 0-0 0-0 15. Nc1 Bf6 16. c3 Qc7 17. Ne2 Ne5 18. Bb1 g6 19. Bd4 Nc4 20. Qc1 e5 21. Bf2 Rac8 22. Ng3 Rfd8 23. Be4 Be6 24. Qh6 Bg7 25. Qc1 Nd2 26. h4 Bh6 27. Qe1 Nxf1 28. Nxf1 Rd7 29. Ne3 Rcd8 30. h5 Rd2 31. Rb1 Qd6 32. Bh4 Qc5 33. Bf2 Qd6 34. Bh4 Rd7 35. g4 Bf4 36. Bf2 Ba2 37. Ra1 Bb3 38. Rb1 Bc4 39. Nxc4 bxc4 40. Qf1 Rd1 41. Rxd1 Qxd1 42. Be1 Bd2 43. Bxd2 Qxf1+ 44. Kxf1 Rxd2 45. Bb7 a5 46. Ba6 Rxb2 0-1

[Event "GER-ch Seniors"]
[Site "Dresden"]
[Date "2012.08.15"]
[Round "7"]
[White "Reimer, Otto"]
[Black "Moews, Harald"]
[Result "1-0"]
[WhiteElo "1935"]
[BlackElo "1963"]
[PlyCount "131"]
[EventDate "2012.08.09"]
[EventType "swiss"]
[EventRounds "9"]
[EventCountry "GER"]
[SourceTitle "EXT 2014"]
[Source "ChessBase"]
[SourceDate "2013.11.20"]
[SourceVersion "1"]
[SourceVersionDate "2013.11.20"]
[SourceQuality "1"]

1. e4 e6 2. d4 c6 3. Nf3 Be7 4. Bd3 d6 5. Be3 Nf6 6. h3 0-0 7. Nbd2 a6 8. c4 Nbd7 9. Qc2 g6 10. g4 Ne8 11. h4 e5 12. h5 g5 13. h6 f6 14. 0-0-0 exd4 15. Nxd4 Ne5 16. f3 Kh8 17. Ne2 Nxd3+ 18. Qxd3 b5 19. c5 Qa5 20. Kb1 dxc5 21. Nb3 Qb4 22. Bd2 Qc4 23. Qe3 Qf7 24. Nxc5 Nc7 25. Ba5 Ne6 26. Nd3 c5 27. Ng3 c4 28. Nb4 Bc5 29. Qc3 Nf4 30. e5 Be6 31. Rhe1 Bf2 32. Ne4 Bxe1 33. Rxe1 f5 34. Nxg5 Qg6 35. Nxe6 Qxe6 36. g5 Rfc8 37. Nc2 Nd5 38. Qd4 Rc6 39. Qd1 f4 40. Nd4 Qg6+ 41. Re4 Rc5 42. Bd2 b4 43. Ka1 c3 44. Bc1 Re8 45. Qg1 Rc7 46. e6 cxb2+ 47. Bxb2 Nc3 48. Ne2 Kg8 49. Nxf4 Qf5 50. Rxb4 Qc2 51. Nh5 Rd8 52. Nf6+ Kh8 53. Nd7 Kg8 54. Rd4 Ra8 55. Qe1 Qe2 56. Nf6+ Kh8 57. Qxe2 Nxe2 58. Re4 Nc3 59. Nd5 Re7 60. Bxc3+ Kg8 61. Bg7 Rxg7 62. hxg7 Kxg7 63. Nf6 a5 64. e7 Kf7 65. e8Q+ Rxe8 66. Rxe8 1-0

[Event "GER-ch Seniors"]
[Site "Dresden"]
[Date "2012.08.12"]
[Round "4"]
[White "Schumacher, Horst"]
[Black "Reimer, Otto"]
[Result "1-0"]
[WhiteElo "2034"]
[BlackElo "1935"]
[PlyCount "89"]
[EventDate "2012.08.09"]
[EventType "swiss"]
[EventRounds "9"]
[EventCountry "GER"]
[SourceTitle "EXT 2014"]
[Source "ChessBase"]
[SourceDate "2013.11.20"]
[SourceVersion "1"]
[SourceVersionDate "2013.11.20"]
[SourceQuality "1"]

1. d4 Nf6 2. Nc3 g6 3. e4 d6 4. Nge2 Bg7 5. g3 0-0 6. Bg2 e5 7. h3 Nc6 8. Be3 exd4 9. Nxd4 Bd7 10. 0-0 Re8 11. Re1 a6 12. a4 Rb8 13. f4 Qc8 14. Kh2 Nh5 15. Nd5 Ne7 16. g4 Nxd5 17. exd5 Rxe3 18. Rxe3 Nxf4 19. c3 Nxg2 20. Kxg2 c6 21. Qf3 Bxd4 22. cxd4 cxd5 23. Rf1 Be6 24. Rc3 Qd7 25. b3 Qd8 26. Qf6 Qa5 27. Rfc1 Qb4 28. Kg3 Re8 29. h4 Bd7 30. h5 Re6 31. Qd8+ Be8 32. hxg6 hxg6 33. Rd3 Kg7 34. Qh4 Re1 35. Rc2 Re4 36. Rf2 f5 37. Kh2 Rxg4 38. Qe7+ Bf7 39. Qe3 Re4 40. Qd2 Qb6 41. Rf4 Qd8 42. Rg3 Qh4+ 43. Rxh4 Rxh4+ 44. Kg2 Re4 45. Rh3 1-0

[Event "Karl Mala Memorial op 15th"]
[Site "Frankfurt"]
[Date "2012.07.08"]
[Round "7"]
[White "Reimer, Otto"]
[Black "Galkin, Wladislaw"]
[Result "0-1"]
[WhiteElo "1940"]
[BlackElo "2101"]
[PlyCount "126"]
[EventDate "2012.07.05"]
[EventType "swiss"]
[EventRounds "7"]
[EventCountry "GER"]
[SourceTitle "CBM 149 Extra"]
[Source "ChessBase"]
[SourceDate "2012.08.24"]
[SourceVersion "1"]
[SourceVersionDate "2012.08.24"]
[SourceQuality "1"]

1. e4 e5 2. Nf3 Nc6 3. Bb5 a6 4. Ba4 Nf6 5. 0-0 b5 6. Bb3 Be7 7. Re1 d6 8. h3 0-0 9. c3 Na5 10. Bc2 c5 11. d4 Qc7 12. d5 c4 13. Nbd2 Nb7 14. Nf1 Nc5 15. Ng3 a5 16. Be3 Bd7 17. Qd2 Rfb8 18. Rad1 Bf8 19. Nh2 b4 20. b3 cxb3 21. axb3 a4 22. cxb4 Nxb3 23. Bxb3 axb3 24. Ra1 Rxa1 25. Rxa1 Qc4 26. f3 Rxb4 27. Rc1 Qb5 28. Qb2 Be7 29. Rb1 Qd3 30. Nhf1 Bd8 31. Rc1 Bb6 32. Rc3 Qb5 33. Kh2 g6 34. Nd2 h5 35. Bxb6 Qxb6 36. Rxb3 Rxb3 37. Qxb3 Qf2 38. Nc4 h4 39. Nh1 Qc5 40. Ne3 Nh5 41. Nf2 Ng3 42. Nfd1 Kg7 43. Qc4 Qa5 44. Qc3 Qa2 45. Qb2 Qa6 46. Qf2 Ba4 47. Qa2 Qb5 48. Nc3 Qd3 49. Nxa4 Qxe3 50. Qa1 Ne2 51. Qd1 Qf2 52. Qa1 Nf4 53. Qg1 Qg3+ 54. Kh1 Nxh3 55. gxh3 Qxh3+ 56. Qh2 Qxf3+ 57. Kg1 Qd1+ 58. Kg2 Qxa4 59. Qxh4 Qc2+ 60. Kf3 Qd3+ 61. Kf2 Qd2+ 62. Kf3 Qf4+ 63. Qxf4 exf4 0-1